00944 a2200193 45000010006000000050017000060080041000230030015000640400040000790800081001192450028002002500011002282640035002393000019002745050393002931000022006867000021007087000021007294876320260407155753.0260407a1958 arg spa dAR-UNSa-BCEJYS aAR-UNSa-BCEJYSbspacAR-UNSa-BCEJYS a514.12xGeometrías euclidianas y seudoeuclidianas. Geometría analítica10aGeometría Análitica a3a.ed. 1aBuenos Aires :bKapeluszc1958 a535 p.c23 cm. a1. Espacios unidimensionales. Series y haces - 2. Geometría del plano. Puntos, rectas y vectores - 3. Circunferencia y familias de circunferencias - 4. Las cónicas - 5. Curvas planas - 6. Transformaciones geométricas - 7. Rectas y planos - 8. Superficies de segundo orden - 9. Superficies y curvas en general - 10. Geometría reglada. Geometría de círculos - 11. Nomografía.1 aRey Pastor, Julio1 aSantalo, Luis A.1 aBalanzat, Manuel